000 00922cam a2200205 4500
001 WB3705-31
008 000000n2001 000 0 eng u
035 _a(Sirsi) u110715
245 _aCourt ruling threatens 3G masts
260 _c2001
490 _aSunday Times
_v28 January 2001, 3(1)
520 _aIn December 2000, the High Court ruled it was unlawful for the DETR to decide planning appeals. This landmark decision poses a threat to the erection of 28,000 new phone masts, which are needed for the £30bn 3G mobile network. The need to submit mast applications to a full review could severely delay the building programme needed for this next generation of mobile phones.
590 _aWB
650 _aMOBILE PHONES
650 _aTELECOMMUNICATIONS
650 _aMOBILE PHONE MASTS
650 _aPLANNING SYSTEM
690 _aENVIRONMENTAL AND LAND CONSULTANCY-PLANNING AND DEVELOPMENT
942 _n0
999 _c65983
_d65983